000
00324nam a2200109Ia 4500
008
171211s9999 xx 000 0 und d
245
4
_a
The Ultimate Metabolism Diet: Eat Right for Your Metabolic Type
245
_c
Scott Rigden
260
_c
2008
650
_x
FITNESS
856
_u
http://down.ebook777.com/062/0897935101.pdf
999
_c
349075
_d
349075